LEADER 01746cam2-2200553---450- 001 990000091990203316 005 20110421110649.0 010 $a88-217-1277-X 035 $a0009199 035 $aUSA010009199 035 $a(ALEPH)000009199USA01 035 $a0009199 100 $a20000914d2000----|||y0itay0103----ba 101 0 $aita 102 $aIT 105 $a||||||||001|| 200 $a2000$eguida alla compilazione quadro per quadro$fFrancesco Scopacasa 210 $a[Milanofiori, Assago]$cIPSOA$d2000 215 $aVIII, 183 p.$d24 cm 225 $aTutto Dichiarazioni 2000 461 $1001000352384$12001$aDichiarazione Iva 606 $aImposta sul valore aggiunto$xGuide pratiche$2BNCF 676 $a343.45055 700 1$aSCOPACASA$b, Francesco$0298440 801 $aIT$bSALBC$gISBD 912 $a990000091990203316 951 $aXXIV.5.B 216 (IG VII 590)$b8315 E.C.$cXXIV.5.B 216 (IG VII)$d00005578 959 $aBK 969 $aECO 979 $c20000914$lUSA01$h1742 979 $c20000919$lUSA01$h1048 979 $c20000919$lUSA01$h1521 979 $c20001019$lUSA01$h1056 979 $c20001019$lUSA01$h1454 979 $c20001019$lUSA01$h1501 979 $c20001019$lUSA01$h1539 979 $c20001024$lUSA01$h1515 979 $c20001027$lUSA01$h1519 979 $c20001027$lUSA01$h1524 979 $c20001110$lUSA01$h1710 979 $c20001124$lUSA01$h1208 979 $c20020403$lUSA01$h1616 979 $aPATRY$b90$c20040406$lUSA01$h1607 979 $aRSIAV5$b90$c20090901$lUSA01$h1500 979 $aCHIARA$b90$c20110421$lUSA01$h1106 979 $aCHIARA$b90$c20110421$lUSA01$h1106 979 $aCHIARA$b90$c20110421$lUSA01$h1106 996 $a2000$91519063 997 $aUNISA LEADER 01887nam0 2200433 i 450 001 NAP0526148 005 20231121125601.0 010 $a9788820755027 020 $aIT$b2011-11373 100 $a20130503d2011 ||||0itac50 ba 101 | $aita$alat 102 $ait 181 1$6z01$ai $bxxxe 182 1$6z01$an 200 1 $aSatira 3.$fDecimo Giunio Giovenale$gtraduzione e commento a cura di Simona Manuela Manzella 210 $aNapoli$cLiguori$d2011 215 $a471 p.$d24 cm 225 | $aBiblioteca$i. Forme, materiali e ideologie del mondo antico$v42 300 $aTesto originale a fronte. 410 0$1001CFI0000724$12001 $aBiblioteca$i. Forme, materiali e ideologie del mondo antico$v42 500 10$aSatirae$3BVEE004661$9CFIV004507$917560 606 $aGiovenale, Decimo Giunio . Satirae. 3.$xCommenti$2FIR$3RMLC390986$9E 676 $a877.01$9Satira e umorismo latino. Origini-500$v21 700 1$aIuvenalis$b, Decimus Iunius$3CFIV004507$4070$0439340 702 1$aManzella$b, Simona Manuela$3NAPV120662$4070 790 0$aJuvenal$3AQ1V000206$zIuvenalis, Decimus Iunius 790 1$aGiovenale$b, D. Giunio$3CFIV004508$zIuvenalis, Decimus Iunius 790 1$aGiovenale$b, Decimo Giunio$3CFIV030380$zIuvenalis, Decimus Iunius 790 0$aGiovenale$3CFIV046531$zIuvenalis, Decimus Iunius 790 1$aJuvenalis$b, Decimus Junius$3LO1V414495$zIuvenalis, Decimus Iunius 790 1$aJuvenalis$b, Decimus Iunius$3MILV125218$zIuvenalis, Decimus Iunius 801 3$aIT$bIT-01$c20130503 850 $aIT-FR0017 899 $aBiblioteca umanistica Giorgio Aprea$bFR0017 912 $aNAP0526148 950 0$aBiblioteca umanistica Giorgio Aprea$d 52S.SIJ. LL2 Iuv.Man.$e 52SBA0000151345 VMN RS $fA $h20130503$i20130503 977 $a 52 996 $aSatirae$917560 997 $aUNICAS